<?xml version="1.0" encoding="UTF-8"?>
<record
    xmlns:xsi="http://www.w3.org/2001/XMLSchema-instance"
    xsi:schemaLocation="http://www.loc.gov/MARC21/slim http://www.loc.gov/standards/marcxml/schema/MARC21slim.xsd"
    xmlns="http://www.loc.gov/MARC21/slim">

  <leader>01016nam a22002657a 4500</leader>
  <datafield tag="999" ind1=" " ind2=" ">
    <subfield code="c">56776</subfield>
    <subfield code="d">56776</subfield>
  </datafield>
  <controlfield tag="003">BD-DhIDS</controlfield>
  <controlfield tag="005">20260512145200.0</controlfield>
  <controlfield tag="008">220511s2026    bg ||||| |||| 00| 0 eng d</controlfield>
  <datafield tag="040" ind1=" " ind2=" ">
    <subfield code="a">BD-DhIDS</subfield>
    <subfield code="b">Eng</subfield>
    <subfield code="c">BD-DhIDS</subfield>
    <subfield code="d">BD-DhIDS</subfield>
  </datafield>
  <datafield tag="086" ind1=" " ind2=" ">
    <subfield code="a">BAN BIDS RR -209</subfield>
  </datafield>
  <datafield tag="100" ind1="1" ind2="0">
    <subfield code="a">Mozumder, Mohammad Golam Nabi</subfield>
  </datafield>
  <datafield tag="245" ind1="1" ind2="4">
    <subfield code="a">The Irresistible shift from agriculture to"agri-venture" :</subfield>
    <subfield code="b">technology, habitus, and the looming threat of ecocide /</subfield>
    <subfield code="c">Mohammad Golam Nabi Mozumder</subfield>
  </datafield>
  <datafield tag="260" ind1=" " ind2=" ">
    <subfield code="a">Dhaka:</subfield>
    <subfield code="b">BIDS , </subfield>
    <subfield code="c">2026</subfield>
  </datafield>
  <datafield tag="300" ind1=" " ind2=" ">
    <subfield code="a">89p.:</subfield>
    <subfield code="b">ill figs., tables.;</subfield>
    <subfield code="c">25 cm.</subfield>
  </datafield>
  <datafield tag="490" ind1=" " ind2=" ">
    <subfield code="a">BIDS Research Report</subfield>
    <subfield code="v">No. 209</subfield>
  </datafield>
  <datafield tag="504" ind1=" " ind2=" ">
    <subfield code="a">Includes bibliographical references and index.</subfield>
  </datafield>
  <datafield tag="650" ind1="0" ind2="4">
    <subfield code="a">Agriculture</subfield>
    <subfield code="y">Bangladesh</subfield>
  </datafield>
  <datafield tag="650" ind1="0" ind2="4">
    <subfield code="a">Agri business</subfield>
    <subfield code="z">Bangladesh</subfield>
  </datafield>
  <datafield tag="650" ind1="0" ind2="4">
    <subfield code="a">Agricultural innovation</subfield>
    <subfield code="x">technological aspect</subfield>
  </datafield>
  <datafield tag="650" ind1="0" ind2="4">
    <subfield code="a">Environmental degradation</subfield>
  </datafield>
  <datafield tag="650" ind1="0" ind2="4">
    <subfield code="a">Ecocide</subfield>
  </datafield>
  <datafield tag="710" ind1="2" ind2=" ">
    <subfield code="a">Bangladesh Institute of Development Studies (BIDS)</subfield>
  </datafield>
  <datafield tag="856" ind1=" " ind2=" ">
    <subfield code="u">http://doi.org/10.57138/EYGQ7832</subfield>
    <subfield code="y">Read Full Text</subfield>
  </datafield>
  <datafield tag="942" ind1=" " ind2=" ">
    <subfield code="2">BIDSN</subfield>
    <subfield code="c">RR</subfield>
  </datafield>
  <datafield tag="952" ind1=" " ind2=" ">
    <subfield code="0">0</subfield>
    <subfield code="1">0</subfield>
    <subfield code="2">BIDSN</subfield>
    <subfield code="4">0</subfield>
    <subfield code="7">0</subfield>
    <subfield code="8">NFIC</subfield>
    <subfield code="a">BIDSLDC</subfield>
    <subfield code="b">BIDSLDC</subfield>
    <subfield code="c">BIDSP</subfield>
    <subfield code="d">2026-05-12</subfield>
    <subfield code="e">BIDS publication</subfield>
    <subfield code="o">BAN BIDS RR-209</subfield>
    <subfield code="p">122100</subfield>
    <subfield code="r">2026-05-12</subfield>
    <subfield code="t">C-01</subfield>
    <subfield code="w">2026-05-12</subfield>
    <subfield code="y">RR</subfield>
  </datafield>
  <datafield tag="952" ind1=" " ind2=" ">
    <subfield code="0">0</subfield>
    <subfield code="1">0</subfield>
    <subfield code="2">BIDSN</subfield>
    <subfield code="4">0</subfield>
    <subfield code="7">0</subfield>
    <subfield code="8">NFIC</subfield>
    <subfield code="a">BIDSLDC</subfield>
    <subfield code="b">BIDSLDC</subfield>
    <subfield code="c">BIDSP</subfield>
    <subfield code="d">2026-05-12</subfield>
    <subfield code="e">BIDS publication</subfield>
    <subfield code="o">BAN BIDS RR- 209</subfield>
    <subfield code="p">122101</subfield>
    <subfield code="r">2026-05-12</subfield>
    <subfield code="t">C-02</subfield>
    <subfield code="w">2026-05-12</subfield>
    <subfield code="y">RR</subfield>
  </datafield>
  <datafield tag="952" ind1=" " ind2=" ">
    <subfield code="0">0</subfield>
    <subfield code="1">0</subfield>
    <subfield code="2">BIDSN</subfield>
    <subfield code="4">0</subfield>
    <subfield code="7">0</subfield>
    <subfield code="8">NFIC</subfield>
    <subfield code="a">BIDSLDC</subfield>
    <subfield code="b">BIDSLDC</subfield>
    <subfield code="c">BIDSP</subfield>
    <subfield code="d">2026-05-12</subfield>
    <subfield code="e">BIDS Publication</subfield>
    <subfield code="o">BAN BIDS RR- 209</subfield>
    <subfield code="p">122102</subfield>
    <subfield code="r">2026-05-12</subfield>
    <subfield code="t">C-03</subfield>
    <subfield code="w">2026-05-12</subfield>
    <subfield code="y">RR</subfield>
  </datafield>
</record>
